| 000 | 00331nam a2200109Ia 4500 | ||
|---|---|---|---|
| 008 | 230822s9999 xx 000 0 und d | ||
| 041 | _aeng | ||
| 100 | _aBAIS MITRAJA , THAKKAR JAY & DIXIT SAMRUDHA | ||
| 245 | _aSAHAJ - VERNACULAR FURNITURE OF GUJRAT | ||
| 260 | _bCENTER OF ADVANCED STUDIES IN ARCHITECTURE( CASA) | ||
| 300 | _a192 | ||
| 999 |
_c860035 _d860035 |
||